00242nam a2200097Ia 45000010005000000080041000050820025000461000022000712450016000932600035001093773241024s9999 xx 000 0 und d aRD/808.83/C389a/2012 aMarío J. Cedano 0aAmor eterno bEditora Graphic Colonialc2013